| 000 | 00751nam a22002057a 4500 | ||
|---|---|---|---|
| 003 | BUBTL | ||
| 008 | 180915b xxu||||| |||| 00| 0 eng d | ||
| 020 | _a9879840613006 | ||
| 082 | _a954.92 / Ah52b | ||
| 100 |
_92021 _aআহমেদ, সিরাজ উদদীন |
||
| 245 |
_aবঙ্গবন্ধু শেখ মুজিবুর রহমান / _cসিরাজ উদদীন আহমেদ |
||
| 250 | _a4nd ed. | ||
| 260 |
_aঢাকা : _bভাস্কর প্রকাশনী, _cc2013 |
||
| 300 |
_a1127 p. : _c21 cm. _bill. ; |
||
| 500 | _aIncludes Index | ||
| 650 | 0 |
_91755 _aমুক্তিযুদ্ধ |
|
| 856 |
_k0 _l0 _yDownload |
||
| 942 |
_2ddc _cBK |
||
| 999 |
_c6489 _d6489 |
||